000170203 001__ 170203 000170203 005__ 20260407115449.0 000170203 0247_ $$2doi$$a10.25251/fggpqw49 000170203 0248_ $$2sideral$$a148723 000170203 037__ $$aART-2025-148723 000170203 041__ $$aeng 000170203 100__ $$aBernal Masferrer, Laura$$uUniversidad de Zaragoza 000170203 245__ $$aDiffuse dermal angiomatosis in a 53-year-old woman 000170203 260__ $$c2025 000170203 5060_ $$aAccess copy available to the general public$$fUnrestricted 000170203 5203_ $$aA 53-year-old woman with a history of arterial hypertension, diabetes mellitus, and morbid obesity presented with abdominal lesions persisting for 3 months and resistant to previous treatment. Physical examination revealed characteristic erythematous-violaceous plaques with serpiginous distribution and central ulceration. Histological examination confirmed diffuse dermal angiomatosis with underlying fat tissue necrosis, a rare association. Diffuse dermal angiomatosis typically affects middle-aged women with cardiovascular risk factors, and treatment involves addressing underlying vascular alterations. 000170203 540__ $$9info:eu-repo/semantics/openAccess$$aby$$uhttps://creativecommons.org/licenses/by/4.0/deed.es 000170203 655_4 $$ainfo:eu-repo/semantics/article$$vinfo:eu-repo/semantics/publishedVersion 000170203 700__ $$aGómez Mateo, María del Carmen$$uUniversidad de Zaragoza 000170203 700__ $$0(orcid)0000-0002-1691-3280$$aÁlvarez-Salafranca, Marcial$$uUniversidad de Zaragoza 000170203 700__ $$aHernández Aragüés, Ignacio$$uUniversidad de Zaragoza 000170203 700__ $$aGracia Cazaña, Tamara$$uUniversidad de Zaragoza 000170203 7102_ $$11007$$2183$$aUniversidad de Zaragoza$$bDpto. Medicina, Psiqu. y Derm.$$cÁrea Dermatología 000170203 7102_ $$11013$$2020$$aUniversidad de Zaragoza$$bDpto. Cirugía$$cÁrea Anatomía Patológica 000170203 773__ $$g31, 5 (2025), 6 pp.$$tDermatology Online Journal$$x1087-2108 000170203 8564_ $$s1102919$$uhttps://zaguan.unizar.es/record/170203/files/texto_completo.pdf$$yVersión publicada 000170203 8564_ $$s2703718$$uhttps://zaguan.unizar.es/record/170203/files/texto_completo.jpg?subformat=icon$$xicon$$yVersión publicada 000170203 909CO $$ooai:zaguan.unizar.es:170203$$particulos$$pdriver 000170203 951__ $$a2026-03-26-14:31:37 000170203 980__ $$aARTICLE